[Event "XTX Markets London Classic-Elite 2024"]
[Site "London"]
[Date "2024.12.01"]
[Round "3.1"]
[White "Mamedyarov, Shakhriyar"]
[Black "Ju, Wenjun"]
[Result "1-0"]
[WhiteElo "2738"]
[BlackElo "2563"]
[Annotator "TA"]
[PlyCount "85"]
[EventDate "2024.??.??"]
[TimeControl "60"]

{[%evp 11,85,0,0,0,4,6,20,23,21,0,0,4,0,12,18,8,26,37,37,39,63,68,108,109,195,141,154,103,104,100,218,116,86,77,111,114,117,107,114,87,89,73,98,126,120,93,97,22,26,21,21,0,1,-45,-45,-45,-44,-31,8,10,8,12,111,111,105,99,187,161,363,365,345,363,354,354,454,495]} 1. Nf3 {[%emt 0:00:03]} d5 {[%emt 0:00:10]} 2. g3 {[%emt 0:00:09]} g6 {[%emt 0:02:25]} 3. Bg2 {[%emt 0:00:33]} Bg7 {[%emt 0:00:04]} 4. O-O {[%emt 0:00:24]} e5 {[%emt 0:07:00]} 5. d3 {[%emt 0:00:06]} Ne7 {[%emt 0:01:32]} 6. c4 {[%emt 0:00:12]} c6 {[%emt 0:08:45]} 7. e4 {[%emt 0:01:45]} O-O {[%emt 0:02:19]} ({RR} 7... dxe4 8. dxe4 Qxd1 9. Rxd1 Be6 10. b3 f6 11. Nc3 Na6 12. Be3 h5 13. Ne1 h4 14. Nd3 hxg3 15. hxg3 Kf7 16. f4 exf4 17. gxf4 Rhd8 18. Kf2 Rd7 19. Nc5 Nxc5 20. Bxc5 b6 21. Rxd7 Bxd7 22. Be3 {Ding,L (2799)-Aronian,L (2782) chess24.com INT 2021 ½-½ (53)}) ({RR} 7... dxe4 8. dxe4 Qxd1 9. Rxd1 Be6 10. b3 f6 11. Nc3 Na6 12. Be3 h5 13. Ne1 h4 14. Nd3 hxg3 15. hxg3 Kf7 16. f4 exf4 17. gxf4 Rhd8 18. Kf2 Rd7 19. Nc5 Nxc5 20. Bxc5 b6 21. Rxd7 Bxd7 22. Be3 {Ding,L (2799)-Aronian,L (2782) chess24.com INT 2021 ½-½ (53)}) 8. b4 {[%emt 0:11:18]} dxe4 $146 {[%emt 0:19:34]} ({RR} 8... a5 9. b5 dxc4 10. dxc4 Be6 11. Qe2 h6 12. Rd1 Qc7 13. Ba3 Re8 14. Nc3 Nd7 15. Rac1 c5 16. Nd5 Bxd5 17. cxd5 Nc8 18. Bh3 b6 19. Nd2 Nd6 20. Bb2 Nf8 21. a4 h5 22. Nc4 Nxc4 23. Rxc4 {Glashausser,S (1973)-Keller,P (2289) chess.com INT 2024 0-1 (42)}) ({RR} 8... d4 9. a4 c5 10. bxc5 Nec6 11. Nbd2 Be6 12. Rb1 Nd7 13. Rxb7 Nxc5 14. Rb5 Nxd3 15. Ba3 a6 16. Rb3 Nxf2 17. Rxf2 Re8 18. h4 Bh6 19. Ng5 Bxg5 20. hxg5 Qxg5 21. Rb6 Rac8 22. Qf3 d3 23. Bd6 {Oparin,G (2674)-Aronian,L (2785) Chess.com INT 2022 ½-½ (53)}) 9. dxe4 {[%emt 0:00:09] The position is equal.} Nf5 $146 {[%emt 0:00:18]} ({RR} 9... Qxd1 10. Rxd1 Be6 11. Na3 Na6 12. Ng5 Bg4 13. f3 Bc8 14. b5 Nc5 15. Be3 Na4 16. Rac1 h6 17. Nh3 Be6 18. Nf2 Rfc8 19. Nd3 f6 20. Nc5 Nxc5 21. Bxc5 Bf8 22. f4 Bg4 23. Rf1 cxb5 24. cxb5 {Borne,F (2225)-Kjartansson,G (2450) Reykjavik ISL 2025 1-0 (61)}) 10. Bb2 {[%emt 0:06:06]} (10. exf5 e4 11. Qxd8 Rxd8 $15) 10... Nd4 {[%emt 0:02:48]} 11. Nxd4 {[%emt 0:00:12]} exd4 {[%emt 0:00:02]} 12. Nd2 {[%emt 0:00:05]} a5 {[%emt 0:01:38]} 13. b5 {[%emt 0:06:33]} a4 {[%emt 0:06:05]} 14. Ba3 {[%emt 0:01:08]} Re8 {[%emt 0:00:07]} 15. f4 {[%emt 0:00:02]} cxb5 {[%emt 0:13:56]} 16. cxb5 {[%emt 0:00:07]} d3 {[%emt 0:00:04]} 17. e5 {[%emt 0:05:42]} f5 {[%emt 0:12:28] Prevents Ne4.} (17... Qd4+ $16 18. Rf2 Bg4) 18. Kh1 {[%emt 0:05:06]} (18. Nf3 $18) 18... Be6 $16 {[%emt 0:00:05]} 19. Bxb7 {[%emt 0:02:38]} (19. Qf3 $142) 19... Ra5 {[%emt 0:02:57]} 20. Bg2 {[%emt 0:02:45]} Rxb5 {[%emt 0:00:02] [#]} (20... Bf8 $16 {might work better.} 21. Bxf8 Rxf8) 21. Bd6 {[%emt 0:00:46]} (21. Qxa4 $2 Ra5 22. Qd1 (22. Qb4 $2 Bf8 $19) 22... Rxa3 $19) ({Only move:} 21. Nc4 $1 $18 {[%cal Rc4d6]}) 21... Bf8 {[%emt 0:01:57]} 22. Qxa4 {[%emt 0:04:57]} Qa5 {[%emt 0:04:06]} 23. Qxa5 {[%emt 0:04:41]} Rxa5 {[%emt 0:00:02] [#]} 24. Bxf8 $1 {[%emt 0:06:22]} Kxf8 {[%emt 0:00:03]} 25. Nb3 {[%emt 0:00:04]} Ra3 {[%emt 0:03:40][%cal Ob8a6]} 26. Nc5 {[%emt 0:01:47]} Nd7 {[%emt 0:01:55]} 27. Nxe6+ {[%emt 0:03:25]} Rxe6 {[%emt 0:00:04]} 28. Rfc1 {[%emt 0:00:03] Against Nc5} Rea6 {[%emt 0:03:26]} 29. Rc8+ {[%emt 0:04:02]} (29. Rc7 $16 Rxa2 30. Rxa2 Rxa2 31. Rxd7 Ra1+ 32. Bf1 Rxf1+ 33. Kg2) 29... Ke7 $11 {[%emt 0:00:09]} 30. Bc6 {[%emt 0:00:27] Rd1 is the strong threat.} Ra7 $1 {[%emt 0:02:56]} 31. Rh8 {[%emt 0:10:23]} Nf8 {[%emt 0:01:42][%cal Oa3c3] White must now prevent ...Rc3!} 32. Bd5 {[%emt 0:00:11]} (32. Rg8 $11 {deserves consideration.}) 32... d2 $15 {[%emt 0:02:45][%mdl 1024] Black has compensation.} 33. Rd1 {[%emt 0:07:23][%cal Od5b3]} Rd3 {[%emt 0:00:02]} 34. Rg8 {[%emt 0:00:55]} Ne6 {[%emt 0:01:33] Against Rg7+} (34... Ke8 $5 35. Bc4 Rc3 36. Bb5+ Kf7 37. Rxf8+ (37. Rh8 $2 Rc1 $19) 37... Kxf8 38. Rxd2 Ke7 $15) 35. Bc4 $36 {[%emt 0:00:50][%mdl 2048] White has good play.} Rd4 {[%emt 0:00:09]} 36. Rc8 {[%emt 0:02:05]} ({Don't blunder} 36. Rh8 $2 Rxc4 37. Rxd2 (37. Rxh7+ $2 {too greedy.} Kf8 $19) 37... Nf8 $19) 36... Nc7 {[%emt 0:01:05]} (36... g5 $11 {remains equal.}) 37. Bb3 $16 {[%emt 0:00:23]} Kd7 {[%emt 0:00:27]} 38. Rh8 {[%emt 0:01:11][%cal Oh1g2]} h5 {[%emt 0:00:05]} (38... Kc6 $16) 39. Kg2 {[%emt 0:03:36] Kf3 would now be deadly.} Kc6 $2 {[%emt 0:00:59]} (39... Ra3) 40. Kf2 $18 {[%emt 0:02:17]} Nb5 {[%emt 0:00:05]} 41. Rc8+ {[%emt 0:31:27]} ({Weaker is} 41. Ke3 Rad7 $18) 41... Kb6 {[%emt 0:02:02]} 42. a4 {[%emt 0:00:00]} Nc7 {[%emt 0:03:32]} 43. Ke3 {[%emt 0:00:00][%csl Bd2,Bd4] Weighted Error Value: White=0.14 (very precise) /Black=0.31. Mistake: 	White=5 	Black=5 Inaccurate: 	--- 	Black=3 OK: 	White=15 	Black=12 Best: 	White=5 	Black=3 Strong: 	White=1 	Black=1} 1-0

[Event "World Rapid 2024"]
[Site "New York USA"]
[Date "2024.12.26"]
[Round "2.17"]
[White "Ivanchuk, V."]
[Black "Dlugy, M."]
[Result "1-0"]
[WhiteElo "2630"]
[BlackElo "2514"]
[PlyCount "131"]
[EventDate "2024.12.26"]
[EventType "swiss (rapid)"]
[EventRounds "13"]
[EventCountry "USA"]
[SourceTitle "The Week in Chess 1573"]
[Source "Mark Crowther"]
[SourceDate "2024.12.30"]
[SourceVersion "1"]
[SourceVersionDate "2024.12.30"]
[SourceQuality "2"]

1. Nf3 {Finkel,Alexander} d5 2. c4 dxc4 3. Qa4+ Nc6 4. g3 ({RR} 4. Nc3 Nf6 ({RR} 4... a6 5. e3 ({RR} 5. Qxc4) 5... Be6 6. Ne5 Qd6 7. Nxc6 Qxc6 8. Qxc6+ bxc6 9. Ne4 Nf6) 5. g3 Nd5 6. Qxc4 Ndb4 ({RR} 6... Nb6 7. Qb3 g6 8. Bg2 Bg7 9. O-O O-O 10. d3 a5 11. Be3 Be6 12. Qc2 Nd5 13. Bd2 h6 14. a3) 7. Qb3 Be6 ({RR} 7... Bf5 8. d3 Bg4 9. Ne5 Be6 10. Nxc6 Bxb3 11. Nxd8 Rxd8 12. Kd2 Be6) 8. Qa4 Bd7 9. Qd1 Bf5 ({RR} 9... Bg4 10. Bg2 Nd4 11. Nxd4 Nd3+ 12. Kf1 Qxd4 13. Qa4+ Qxa4 14. Nxa4 Nxc1 15. Rxc1 O-O-O) 10. d3 Bg4 11. a3 ({RR} 11. Bg2 Bxf3 12. Bxf3 Nd4 13. Bxb7 Rb8 14. Bg2 Ndc2+ 15. Kf1 Nxa1 16. a3 Nac2 17. axb4 Nxb4 18. Qa4+ Qd7 19. Qxa7 Rc8) 11... Bxf3 12. exf3 Nd5 13. Bg2 e6 14. f4 Nb6 ({RR} 14... Bc5 15. Nxd5 exd5 16. O-O ({RR} 16. Qb3 Qe7+ 17. Kf1 Nd4) 16... Ne7 ({RR} 16... O-O 17. Qb3 Nd4 18. Qxb7 c6 19. b4 Rb8 20. Qa6 Ne2+ 21. Kh1) 17. f5 Qd7 18. f6 gxf6 19. d4 Bd6) 15. O-O Be7 16. Be3 Qd7 17. Qb3 O-O ({RR} 17... Qxd3 18. Rfd1 Qg6 19. Nb5 O-O 20. Nxc7) 18. Rfd1 Rfd8 {Ivanchuk,V (2752)-Charbonneau,P (2527) Edmonton 2005 CBM 107 Extra [Finkel,Alexander] 1-0 (38)}) 4... Nf6 ({RR} 4... Bd7 5. Qxc4 e5 6. Bg2 Bd6 7. O-O Nf6 8. d4 O-O 9. dxe5 Nxe5 10. Nxe5 Bxe5 11. Nc3 c6 12. Be3 Re8 13. Rfd1 Qc8 14. Rac1 Be6 15. Qb4 a5 16. Qa3 Bh3 17. Bf3 Bg4 18. Na4 Bc7 19. Bd4 {Brodowski,P (2457)-Harikrishna,P (2704) Poland POL 2023 0-1 (33)}) 5. Bg2 Nd7 6. Qxc4 Nb6 $146 ({RR} 6... e5 7. a3 g6 8. d3 Nb6 9. Qc2 Bg7 10. Be3 Nd4 11. Bxd4 exd4 12. O-O O-O 13. Nbd2 Bd7 14. Ne4 Ba4 15. b3 Bc6 16. Nfd2 f5 17. Nc5 Bxg2 18. Kxg2 Qd5+ 19. Kg1 Rae8 20. Rfe1 f4 21. Nce4 {Kleeschaetzky,R (2265)-Venske,K (2205) Germany 1997 ½-½ (31)}) 7. Qh4 Bf5 8. Nc3 e5 9. Qxd8+ Rxd8 10. d3 f6 11. Be3 Be6 12. O-O Nd5 13. Bd2 Be7 14. Rfc1 O-O 15. Ne4 Rd7 16. a3 Nd4 17. Nxd4 exd4 18. Nc5 Bxc5 19. Rxc5 Re8 20. b4 c6 21. Bf3 Nc7 22. a4 Bd5 23. Bxd5+ Rxd5 24. Rxd5 Nxd5 25. Kf1 a6 26. Rc1 Rd8 27. b5 axb5 28. axb5 cxb5 29. Rc5 b4 30. Rb5 Rd7 31. Bxb4 Nxb4 32. Rxb4 Kf7 33. Rb6 Ke7 34. Ke1 Kd8 35. Kd2 Kc7 36. Re6 Rd6 37. Re8 Kc6 38. Kc2 Rd7 39. Kb3 Kb5 40. h4 b6 41. g4 Rd5 42. Re7 Re5 43. Rxg7 Rxe2 44. Rxh7 Rxf2 45. Rh5+ Kc6 46. Rf5 Rg2 47. Rxf6+ Kd5 48. Rg6 b5 49. h5 Rg3 50. h6 Rxd3+ 51. Kb2 Kc4 52. Rc6+ Kb4 53. g5 Rd2+ 54. Kc1 Rh2 55. Rc8 Kb3 56. g6 Rh1+ 57. Kd2 Rh2+ 58. Kd3 Rxh6 59. g7 Rh3+ 60. Kxd4 Rh4+ 61. Ke3 Rg4 62. g8=Q+ Rxg8 63. Rxg8 b4 64. Kd2 Kb2 65. Rb8 b3 66. Rb7 1-0

[Event "World Rapid 2024"]
[Site "New York USA"]
[Date "2024.12.26"]
[Round "2.48"]
[White "Fressinet, L."]
[Black "Karthik, V4."]
[Result "1-0"]
[WhiteElo "2588"]
[BlackElo "2603"]
[PlyCount "83"]
[EventDate "2024.12.26"]
[EventType "swiss (rapid)"]
[EventRounds "13"]
[EventCountry "USA"]
[SourceTitle "The Week in Chess 1573"]
[Source "Mark Crowther"]
[SourceDate "2024.12.30"]
[SourceVersion "1"]
[SourceVersionDate "2024.12.30"]
[SourceQuality "2"]

1. Nf3 d5 2. e3 c5 3. b3 a6 4. Bb2 Nc6 5. d4 Nf6 6. Be2 cxd4 7. Nxd4 Bd7 ({RR} 7... Nxd4 8. Qxd4 Bf5 9. c4 dxc4 10. Bxc4 e6 11. O-O Be7 12. Nd2 O-O 13. Be2 Qb8 14. e4 Rd8 15. Qe3 Bg6 16. Rad1 Bd6 17. f4 b6 18. Bxf6 Bc5 19. Qxc5 bxc5 20. Bxd8 Qxd8 21. f5 exf5 22. exf5 {Zhao,Y (2463)-Iniyan,P (2493) Dubai UAE 2024 1-0}) 8. O-O e6 9. c4 dxc4 10. bxc4 $146 ({RR} 10. Bxc4 Be7 11. Nd2 Nxd4 12. Bxd4 O-O 13. Nf3 Bb5 14. Ne5 Bxc4 {½-½ (14) Pueplichhuisen,A (1935)-Claussen,U (2170) Goch 1994}) 10... Be7 11. Nd2 Nxd4 12. Bxd4 Bc6 13. Nf3 O-O 14. Ne5 Qc7 15. Nxc6 bxc6 16. Bf3 Nd7 17. Qa4 Rfc8 18. Rab1 a5 19. Rfd1 h6 20. g3 Bc5 21. Bc3 Bb4 22. Ba1 Bf8 23. Kg2 Nc5 24. Qc2 Rd8 25. Bc3 Be7 26. h4 Rab8 27. h5 a4 28. Bd4 a3 29. Rxb8 Rxb8 30. Rb1 Rxb1 31. Qxb1 Na6 32. Qb3 Bf8 33. Qa4 Nb4 34. Qxa3 Nc2 35. Qc1 Nxd4 36. exd4 Qa7 37. Qd2 Qa4 38. c5 Be7 39. Qf4 Bf6 40. Qb8+ Kh7 41. Be4+ g6 42. Qc7 1-0

[Event "World Rapid 2024"]
[Site "New York USA"]
[Date "2024.12.27"]
[Round "8.1"]
[White "Carlsen, M."]
[Black "Tari, A."]
[Result "1-0"]
[WhiteElo "2831"]
[BlackElo "2629"]
[PlyCount "79"]
[EventDate "2024.12.26"]
[EventType "swiss (rapid)"]
[EventRounds "13"]
[EventCountry "USA"]
[SourceTitle "The Week in Chess 1573"]
[Source "Mark Crowther"]
[SourceDate "2024.12.30"]
[SourceVersion "1"]
[SourceVersionDate "2024.12.30"]
[SourceQuality "2"]

1. Nf3 d5 2. e3 Nf6 3. b3 Bf5 4. Be2 h6 5. Ba3 Nbd7 6. c4 e6 7. Bxf8 Nxf8 8. O-O N8d7 9. cxd5 exd5 10. b4 O-O 11. Nc3 c6 12. Qb3 Re8 $146 ({RR} 12... Bg4 13. d4 Ne4 14. Rfd1 b5 15. h3 Bh5 16. a4 a6 17. axb5 axb5 18. Rxa8 Qxa8 19. Ne5 Nxc3 20. Bxh5 Nxe5 21. Qxc3 Nc4 22. Ra1 Qb7 23. Ra2 Ra8 24. Qa1 Rxa2 25. Qxa2 g6 26. Bf3 Kg7 27. Qa1 {Kiremitciyan,A (2281)-Karaoglan,K (2274) Denizli TUR 2024 ½-½ (49)}) ({RR} 12... Bg4 13. Nd4 Bxe2 14. Ncxe2 Ne4 15. Qc2 Rc8 16. d3 Nd6 17. Rfc1 Re8 18. Qd2 Nf8 19. Rc2 Ne6 20. Rac1 Nxd4 21. Nxd4 Qf6 22. b5 cxb5 23. Rxc8 Rxc8 24. Rxc8+ Nxc8 25. Qc1 Ne7 26. Nxb5 Qa6 27. Qb1 {Nihal,S (2687)-Tin,J (2597) Tashkent UZB 2025 1-0 (48)}) 13. b5 Qa5 14. Rfc1 Nc5 15. Qd1 Ne6 16. bxc6 bxc6 17. Qa4 Qb6 18. d4 a5 19. Qd1 Nd7 20. Na4 Qb7 21. Bd3 Bxd3 22. Qxd3 Qb4 23. Qd1 Rec8 24. Rab1 Qd6 25. Nb6 Nxb6 26. Rxb6 Qa3 27. h3 c5 28. Rb3 Qa4 29. dxc5 Rxc5 30. Rxc5 Nxc5 31. Qxd5 Rc8 32. Rc3 Qb4 33. Rc1 Qa3 34. Rc4 Qxa2 35. Rxc5 Qb1+ 36. Kh2 Rxc5 37. Qxc5 a4 38. Nd4 Qb2 39. Qc8+ Kh7 40. Qc2+ 1-0

[Event "World Rapid 2024"]
[Site "New York USA"]
[Date "2024.12.28"]
[Round "10.44"]
[White "Bok, B."]
[Black "Lodici, Lorenzo"]
[Result "1-0"]
[WhiteElo "2593"]
[BlackElo "2564"]
[PlyCount "119"]
[EventDate "2024.12.26"]
[EventType "swiss (rapid)"]
[EventRounds "13"]
[EventCountry "USA"]
[SourceTitle "The Week in Chess 1573"]
[Source "Mark Crowther"]
[SourceDate "2024.12.30"]
[SourceVersion "1"]
[SourceVersionDate "2024.12.30"]
[SourceQuality "2"]

1. Nf3 d5 2. g3 Bg4 3. Bg2 c6 4. O-O Nd7 5. h3 Bh5 6. d4 e6 7. c4 Ngf6 8. cxd5 exd5 9. Qb3 Qb6 10. Qe3+ Be7 11. Nh4 Bg6 12. Nxg6 hxg6 13. Nc3 Qd8 14. Qd3 O-O 15. h4 $146 ({RR} 15. Bd2 Re8 16. e3 Bb4 17. Rab1 Qe7 18. a3 Bxc3 19. Bxc3 Ne4 20. Bb4 Qe6 21. a4 a6 22. Ba3 Nb6 23. b3 Nc8 24. Rfe1 Ncd6 25. Rbc1 Rac8 26. Qd1 Nf5 27. Qg4 Nd2 28. Qd1 Ne4 29. Qg4 Qf6 {Injac,T (2365)-Omonova,U (2052) Almaty KAZ 2022 0-1 (135)}) ({RR} 15. Bf3 Re8 16. Kg2 Nf8 17. h4 Qd7 18. Rh1 Qf5 19. Qb1 Qxb1 20. Rxb1 Bb4 21. a3 Bxc3 22. bxc3 b5 23. Re1 N8d7 24. Bg5 Ne4 25. Bxe4 Rxe4 26. f3 Re6 27. a4 a6 28. Ra1 f6 29. Bf4 Rae8 {Bodi,T (2343)-Hacker,J (2341) Budapest 2020 ½-½ (37)}) 15... Re8 16. Rd1 Bb4 17. Bg5 Qe7 18. e3 Qe6 19. Bxf6 Nxf6 20. a3 Bxc3 21. bxc3 b5 22. a4 a6 23. Ra3 Rad8 24. Rda1 Rd6 25. Bf3 Nh7 26. Kg2 g5 27. Rh1 g4 28. Bd1 f5 29. Bc2 g6 30. h5 Rf8 31. hxg6 Qxg6 32. Rh4 Qg7 33. Ra1 Ng5 34. Rah1 Nh3 35. Qe2 Rg6 36. axb5 cxb5 37. f3 Rg5 38. Bb3 Qd7 39. f4 Rg6 40. e4 Re8 41. e5 Kg7 42. Bc2 Rh6 43. Bxf5 Qxf5 44. Qxg4+ Qxg4 45. Rxg4+ Kf7 46. Rxh3 Rxh3 47. Kxh3 a5 48. f5 a4 49. f6 Rh8+ 50. Kg2 Rh7 51. Rf4 Ke6 52. Rf2 Rc7 53. Rb2 a3 54. Rxb5 Ra7 55. Rb1 a2 56. Ra1 Kf5 57. f7 Rxf7 58. Rxa2 Ke4 59. Rf2 Ra7 60. g4 1-0

[Event "World Rapid 2024"]
[Site "New York USA"]
[Date "2024.12.28"]
[Round "13.6"]
[White "Dubov, Daniil"]
[Black "Abdusattorov, Nodirbek"]
[Result "1-0"]
[WhiteElo "2693"]
[BlackElo "2777"]
[PlyCount "153"]
[EventDate "2024.12.26"]
[EventType "swiss (rapid)"]
[EventRounds "13"]
[EventCountry "USA"]
[SourceTitle "The Week in Chess 1573"]
[Source "Mark Crowther"]
[SourceDate "2024.12.30"]
[SourceVersion "1"]
[SourceVersionDate "2024.12.30"]
[SourceQuality "2"]

1. Nf3 c5 2. b3 d5 3. e3 Nc6 4. Bb2 a6 5. g3 Nf6 ({RR} 5... Bf5 6. Bg2 Nf6 7. O-O e6 8. Nh4 Be4 9. f3 Bg6 10. d3 Bd6 11. Nxg6 hxg6 12. f4 Qe7 13. c4 Rd8 14. Nd2 Bc7 15. Qe2 O-O 16. Rad1 Rfe8 17. e4 dxc4 18. Nxc4 Nd4 19. Bxd4 Rxd4 20. Ne3 {Nakamura,H (2760)-Fedoseev,V (2686) Chess.com INT 2022 0-1 (42)}) 6. Bg2 Qc7 $146 ({RR} 6... Bf5 7. Nh4 Bg4 8. f3 Bd7 9. f4 e6 10. O-O Bd6 11. c4 dxc4 12. bxc4 Qc7 13. Nc3 O-O-O 14. Rb1 Na5 15. Qe2 Bc6 16. Nf3 Rhg8 17. e4 Nd7 18. Nb5 axb5 19. cxb5 e5 20. fxe5 Nxe5 21. Nxe5 {Kulaots,K (2587)-Georgiadis,N (2369) Caleta 2013 1-0}) ({RR} 6... Bf5 7. O-O e6 8. Nh4 Bg4 9. Qe1 Bh5 10. f4 Be7 11. h3 Nd7 12. Nf3 Bg6 13. d3 c4 14. dxc4 dxc4 15. e4 O-O 16. Nbd2 cxb3 17. axb3 Nb4 18. Rc1 Rc8 19. Kh2 Rxc2 20. Rxc2 Nxc2 21. Qe2 {Aleksandrov,A (2418)-Gharibyan,M (2499) Moscow RUS 2024 ½-½ (54)}) 7. c4 dxc4 8. bxc4 Bf5 9. Bxf6 exf6 10. Nc3 Bd6 11. Nh4 Be6 12. Nd5 Qd8 13. Rb1 Rb8 14. O-O O-O 15. d4 cxd4 16. exd4 b5 17. Ne3 Bd7 18. c5 Bc7 19. d5 Ne5 20. d6 Ba5 21. Nhf5 Be6 22. c6 g6 23. Ne7+ Kg7 24. c7 Bxc7 25. dxc7 Qxc7 26. N7d5 Qa7 27. Qc2 Rfd8 28. Qb2 Bxd5 29. Nxd5 Rd6 30. Kh1 Nc4 31. Qc3 Re8 32. a4 Qc5 33. Ne3 Re5 34. Nxc4 bxc4 35. Rbc1 Rd4 36. Rc2 h5 37. Rfc1 h4 38. Rd2 Rxd2 39. Qxd2 Qa3 40. Bf1 Rc5 41. Rc3 Qxa4 42. Kg1 Qa1 43. Qd4 hxg3 44. hxg3 a5 45. Rxc4 Qxd4 46. Rxd4 f5 47. Rd6 Kh6 48. Rd7 Kg7 49. Ra7 g5 50. Rb7 g4 51. Rb6 f6 52. Rb5 Re5 53. f4 gxf3 54. Kf2 Kg6 55. Rb8 Rc5 56. Rb5 Re5 57. Rb8 Rc5 58. Rg8+ Kf7 59. Ra8 Ke6 60. Kxf3 Ke5 61. Ke3 Rc3+ 62. Bd3 Ra3 63. Rb8 a4 64. Rb5+ Ke6 65. Kd4 Kf7 66. Rxf5 Ra1 67. Ke3 Re1+ 68. Kf2 Ra1 69. Bc4+ Kg7 70. Ra5 a3 71. Kf3 Kh6 72. Kg4 Rc1 73. Bd3 Rc3 74. Be4 Rb3 75. Ra7 f5+ 76. Kxf5 a2 77. Kf4 1-0

[Event "Titled Tue 24th Dec Early"]
[Site "chess.com INT"]
[Date "2024.12.24"]
[Round "4"]
[White "Nakamura, Hi"]
[Black "Durarbayli, Vasif"]
[Result "1-0"]
[WhiteElo "2802"]
[BlackElo "2622"]
[PlyCount "69"]
[EventDate "2024.12.24"]
[EventType "swiss (blitz)"]
[EventRounds "11"]
[SourceTitle "The Week in Chess 1573"]
[Source "Mark Crowther"]
[SourceDate "2024.12.30"]
[SourceVersion "1"]
[SourceVersionDate "2024.12.30"]
[SourceQuality "2"]

1. b3 d5 2. Bb2 c5 3. e3 a6 4. Nf3 Nc6 5. d4 Nf6 6. Nbd2 cxd4 7. Nxd4 Nxd4 8. Bxd4 Bg4 9. Be2 Bxe2 10. Qxe2 e6 11. O-O Be7 12. c4 O-O 13. Rfd1 Rc8 14. e4 dxe4 $146 ({RR} 14... Re8 15. e5 Nd7 16. cxd5 exd5 17. e6 Nf6 18. Nf1 Bc5 19. exf7+ Kxf7 20. Ne3 Bxd4 21. Rxd4 Re4 22. Rxe4 dxe4 23. Rd1 Qc7 24. h4 h5 25. a4 Kg6 26. Nd5 Qe5 27. f4 Qe8 28. Nxf6 gxf6 29. Rd5 {Rechlis,G (2498)-Sivuk,V (2579) Israel 2020 ½-½ (41)}) ({RR} 14... Re8 15. e5 Nd7 16. cxd5 exd5 17. e6 Nf6 18. Nf1 Bc5 19. exf7+ Kxf7 20. Ne3 Bxd4 21. Rxd4 Re4 22. Rxe4 dxe4 23. Rd1 Qc7 24. h4 h5 25. a4 Kg6 26. Nd5 Qe5 27. f4 Qe8 28. Nxf6 gxf6 29. Rd5 {Rechlis,G (2498)-Sivuk,V (2579) Israel 2020 ½-½ (41)}) 15. Nxe4 Qc7 16. Nxf6+ Bxf6 17. Bxf6 gxf6 18. Qg4+ Kh8 19. Qf3 Qe7 20. Rd4 Rfd8 21. Rh4 f5 22. Qc3+ f6 23. Re1 Rd6 24. g3 Rcd8 25. Qf3 Qf7 26. Re3 Rd2 27. a4 Rb2 28. Rd3 Rd2 29. Rxd2 Rxd2 30. Qc3 Rd1+ 31. Kg2 e5 32. Qf3 Qd7 33. Rh6 Kg7 34. Qh5 Qc6+ 35. Kh3 1-0

[Event "Titled Tue 24th Dec Late"]
[Site "chess.com INT"]
[Date "2024.12.24"]
[Round "10"]
[White "Carlsen, M."]
[Black "So, W."]
[Result "1-0"]
[WhiteElo "2831"]
[BlackElo "2747"]
[PlyCount "119"]
[EventDate "2024.12.24"]
[EventType "swiss (blitz)"]
[EventRounds "11"]
[SourceTitle "The Week in Chess 1573"]
[Source "Mark Crowther"]
[SourceDate "2024.12.30"]
[SourceVersion "1"]
[SourceVersionDate "2024.12.30"]
[SourceQuality "2"]

1. Nf3 Nf6 2. g3 d5 3. Bg2 c5 4. O-O Nc6 5. d3 h6 6. Nbd2 e5 7. e4 d4 8. Nc4 Qc7 9. a4 Be6 $146 ({RR} 9... g5 10. c3 Be6 11. cxd4 cxd4 12. b3 Nd7 13. Bd2 f6 14. Ne1 h5 15. h3 Nb6 16. f3 Qd7 17. Kh2 Qg7 18. Nc2 Bxh3 19. Bxh3 g4 20. Bg2 h4 21. fxg4 Nxc4 22. bxc4 Ne7 23. Qf3 Ng6 24. Qxf6 {Marko,H (1925)-Morrell,G (2092) Mt Maunganui 2016 1-0 (33)}) ({RR} 9... g5 10. c3 Be6 11. cxd4 cxd4 12. h4 g4 13. Ne1 Nd7 14. Bd2 Bb4 15. Nc2 Bxd2 16. Qxd2 Nc5 17. Ra3 Bxc4 18. dxc4 Na5 19. Nxd4 O-O-O 20. Qe2 Rxd4 21. b4 Nxc4 22. Rc1 Nd7 23. Rac3 b5 24. axb5 {Joshi,G (2288)-Shyam,N (2375) Bhiwani 2010 ½-½}) 10. Nfd2 g5 11. Qe2 Rg8 12. a5 Be7 13. Nb3 h5 14. f4 gxf4 15. gxf4 Bg4 16. Qd2 Bh3 17. Rf2 Qd7 18. f5 O-O-O 19. Kh1 Bxg2+ 20. Rxg2 Rxg2 21. Qxg2 Rg8 22. Qf3 Qd8 23. Bd2 Kc7 24. Be1 Ng4 25. h3 Bh4 26. f6 Bxe1 27. Rxe1 Nxf6 28. Rf1 Nd7 29. Qxh5 Rh8 30. Qg4 Qe7 31. Kh2 f6 32. Rg1 b5 33. axb6+ axb6 34. Qg7 Qe8 35. Rg3 Qh5 36. Nxb6 Kxb6 37. Qxd7 Qe2+ 38. Rg2 Qf1 39. Qg4 Ra8 40. Nd2 Qf4+ 41. Qxf4 exf4 42. Rf2 Ne5 43. Rxf4 Ra2 44. Rxf6+ Kc7 45. Rf5 Rxb2 46. Rxe5 Rxc2 47. Kg3 Rxd2 48. Rxc5+ Kb6 49. Rd5 Rxd3+ 50. Kg4 Rd1 51. h4 d3 52. Kf5 d2 53. Ke5 Kc6 54. h5 Rh1 55. Rxd2 Rxh5+ 56. Kf6 Rh6+ 57. Kg5 Rh8 58. e5 Kc7 59. e6 Rf8 60. e7 1-0

[Event "Titled Tue 7th Jan Early"]
[Site "chess.com INT"]
[Date "2025.01.07"]
[Round "11"]
[White "Sonis, Francesco"]
[Black "Bok, B."]
[Result "1-0"]
[WhiteElo "2565"]
[BlackElo "2583"]
[PlyCount "59"]
[EventDate "2025.01.07"]

1. Nf3 d5 2. e3 Nf6 3. c4 e6 4. b3 Bd6 5. Bb2 O-O 6. Nc3 Re8 7. Nb5 ({RR} 7. d4 b6 8. Bd3 Bb7 9. O-O Nbd7 10. Rc1 a6 11. Qc2 dxc4 12. bxc4 c5 13. d5 exd5 14. Nxd5 Bxd5 15. cxd5 b5 16. Bf5 g6 17. Bxd7 Nxd7 18. e4 c4 19. Rfe1 Qc7 20. h4 Rac8 21. h5 b4 {So,W (2770)-Shankland,S (2691) chess24.com INT 2020 0-1 (37)}) 7... Bf8 ({RR} 7... Be7 8. Be5 Na6 9. Rc1 c6 10. Nc3 Nd7 11. Bg3 Nac5 12. d4 Ne4 13. Bd3 f5 14. cxd5 exd5 15. O-O Nxg3 16. hxg3 Nf6 17. Na4 Bd6 18. Nc5 Ng4 19. Nh2 Nf6 20. Nf3 Qe7 21. Qc2 Ne4 22. b4 {Meshkovs,N (2539)-Sarana,A (2672) chess.com INT 2025 ½-½ (43)}) 8. Be5 Na6 9. Be2 Ne4 $146 ({RR} 9... c6 10. Nc3 Nc5 11. O-O Ncd7 12. Bg3 a6 13. h3 b5 14. cxd5 cxd5 15. Qb1 Bb7 16. Rc1 Ba3 17. Rc2 Rc8 18. Bd1 Qa5 19. Nd4 e5 20. Nf5 g6 21. Nh4 d4 22. Ne2 d3 23. Rxc8 Rxc8 24. Qxd3 {Grandelius,N (2673)-Hayrapetyan,H (2427) chess.com INT 2024 0-1}) ({RR} 9... c6 10. Nc3 Nc5 11. O-O Ncd7 12. Bg3 a6 13. h3 b5 14. cxd5 cxd5 15. Qb1 Bb7 16. Rc1 Ba3 17. Rc2 Rc8 18. Bd1 Qa5 19. Nd4 e5 20. Nf5 g6 21. Nh4 d4 22. Ne2 d3 23. Rxc8 Rxc8 24. Qxd3 {Grandelius,N (2673)-Hayrapetyan,H (2427) chess.com INT 2024 0-1}) 10. Bb2 c6 11. Nc3 e5 12. cxd5 cxd5 13. Bb5 Re6 14. Nxe4 dxe4 15. Nxe5 Qg5 16. d4 Qxg2 17. Kd2 Rf6 18. Rf1 Bh3 19. a3 Qxh2 20. Qh5 Rf5 21. Qh4 g5 22. Qh5 Rxf2+ 23. Rxf2 Qxf2+ 24. Be2 Be6 25. Qxg5+ Bg7 26. Rg1 Kf8 27. Qxg7+ Ke7 28. Rf1 Qh4 29. Rxf7+ Bxf7 30. Qxf7+ 1-0